000 00942cab a2200289 4500
001 ABS48211
008 090401t1993 xxu||||| |||| 00| 0 eng d
035 _a(Sirsi) u65480
041 _aeng
100 _aNewstead, J.
245 _aImpact of EC law on the property world
260 _c1993
350 _a0
490 _aEuroProperty
_vMarch 1993, 20-21(2)
520 _aConsiders how EC legislation affects the property world despite article 222 of the Treaty of Rome which states `This treaty shall in no way prejudice the rules in member states governing the system of property ownership`.
650 _aEC DIRECTIVES
650 _aEC LEGISLATION
650 _aENVIRONMENTAL IMPACT ASSESSMENTS
650 _aInsurance
_96249
650 _aMORTGAGES
650 _aPUBLIC PROCUREMENT
650 _aSTATE AID
650 _aTREATY OF ROME ART 222
690 _aEUROPE-SINGLE MARKET
942 _n0
948 _c04/03/1997
999 _c40831
_d40831